000 03492nkm0a2200541 4500
001 RU\NLR\BIBL_A\016336364
005 20260408150631.0
035 _a(NLR Aleph) 016336364
090 _a13535184
_c13535184
100 _a20230406d1868 u y0rusy50 ca
101 0 _arus
102 _aRU
116 _aiiyaxx bi zz
135 _acrcn 024anaba
181 0 _ab4
_bxb2e
182 0 _an
200 1 _aНаследник Цесаревич Великий князь Александр Александрович
_e[лубок]
203 _aИзображение
_bнеподвижное
_bдвухмерное
_bвизуальное
_cнепосредственное
210 _a[Москва]
_cПеч. в Ли. Андрея Абрам.
_dценз. 1868
215 _a1 л.
_cлитография
_d16,8х14,4 ; 21,4х17,8
300 _aНа листе также адрес литографской мастерской: "БЧ2к де п в д. Ант. Абрамова" (Басманной части 2 квартал в Девкином переулке, в доме Антона Абрамова)
300 _aЦенз. разрешение: Доз Моск цен марта 9 дня 1868 г.
325 _aКопия доступна в Электрон. б-ке РНБ
327 1 _aПортрет поясной, 3/4 влево, в овале и в рамке
540 1 _aПортрет императора Александра III
540 1 _aПортрет императора Александра Третьего
540 1 _aАлександр Третий
540 1 _aАлександр III
600 0 _aАлександр
_cимператор российский
_dIII
_f1845 - 1894
_jЛубки
_9923671
_3RU\NLR\AUTH\6620203
606 1 _aЛубок русский
_z19 в.
_92106324
_3RU\NLR\AUTH\661576983
606 1 _aПортретная литография русская
_z19 в.
_92547466
_3RU\NLR\AUTH\6601720963
686 1 _aЩ153(2Р=Рус)5-465
702 0 _4570
_8rus
_7ca
_aАлександр
_cимператор российский
_dIII
_f1845-1894
_3RU\NLR\AUTH\778634
_9118533
712 0 0 _4650
_4610
_aАбрамов,
_gАндрей Абрамович,
_hлитография
_cМосква
_3RU\NLR\AUTH\880637796
_92694144
830 _aАндрей Абрамов - печатал в 1860-е г. в доме Антона Абрамова, с 1870-е в собств. доме. Владелец литографской мастерской в Москве (1867–1884), перешедшей к нему от Антона Андреевича Абрамова, который, в свою очередь, получил ее от Е. И. Лаврентьевой. (https://rusmuseumvrm.ru/reference/classifier/author/masterskaya_a._a._abramova/index.php/) - АУ ОЭФ
852 0 0 _aNLR
_bЭ
_jЛП/2-А462-III
_mинв.3621
856 0 _uhttps://vivaldi.nlr.ru/le500005031/view
856 1 _uhttps://vivaldi.nlr.ru/le500005031/cover
856 2 _uhttps://vivaldi.nlr.ru/le500005031/text
942 _cVISUAL
980 _aNB
981 2 2 _a(22) Материалы по истории России
_b(22) Российский императорский дом
981 1 7 _a(17) Изографические материалы
_b(17) Эстампы